Contraplano
Conducido por Gastón Pauls, este ciclo muestra documentales que interpelan, evocan, indagan y emocionan por su contundencia, y nos ligan directamente a nuestra identidad. -- El capítulo "Cortazar" presenta un documental realizado por Tristán Bauer, que aporta una mirada más poética que his...
Guardado en:
| Autores Corporativos: | , , |
|---|---|
| Otros Autores: | , , , , , , |
| Formato: | |
| Idioma: | Undetermined |
| Publicado: |
Buenos Aires :
Canal Encuentro,
2007.
|
| Series: | Colección Encuentro ;
7 |
| Materias: | |
| Etiquetas: |
Agregar Etiqueta
Sin Etiquetas, Sea el primero en etiquetar este registro!
|
| LEADER | 02433ngm a22003615a 4500 | ||
|---|---|---|---|
| 001 | CEM.cems021038 | ||
| 008 | 240417s2007####ag#---############vlund#d | ||
| 005 | 20240417191114.0 | ||
| 245 | 1 | 0 | |a Contraplano |h [videograbación] / |c Canal Encuentro. |
| 260 | |a Buenos Aires : |b Canal Encuentro, |c 2007. | ||
| 300 | |a 30'. | ||
| 490 | 1 | |a Colección Encuentro ; |v 7 | |
| 520 | |a Conducido por Gastón Pauls, este ciclo muestra documentales que interpelan, evocan, indagan y emocionan por su contundencia, y nos ligan directamente a nuestra identidad. -- El capítulo "Cortazar" presenta un documental realizado por Tristán Bauer, que aporta una mirada más poética que histórica sobre el mundo público y privado del escritor argentino Julio Cortázar, reconstruido a partir de sus propios relatos. -- El capítulo "Los libros y la noche" nos acerca a través de la integración entre ficción y documental a la vida y obra del escritor argentino Jorge Luis Borges. De acuerdo a la trama ficcional, el personaje -Borges encarnado por Leonardo Sbaraglia en su juventud y Walter Santa Ana en su madurez- recorre los laberintos de las bibliotecas y las páginas de los libros, opinando sobre su propia literatura y la de otros escritores, y su parecer sobre la Argentina. Este documental de Tristán Bauer obtuvo importantes distinciones como el Cóndor de Plata (Mejor Edición) y el Grand Coral La Habana (Mejor documental). | ||
| 505 | 0 | |a CAPÍTULOS INCLUÍDOS EN EL DVD -- Cortázar -- Los libros y la noche -- Ideas para el aula -- Duración aproximada por capítulo 90' . Duración total aproximada: 180' | |
| 538 | |a Soporte: DVD - Formato: DVD Peso: 4.14gb - Resolución: 720 x 576 - 25fps | ||
| 110 | 2 | |a Canal Encuentro. | |
| 700 | 1 | |a Guerschanik, Gabriela; Productora delegada. | |
| 700 | 1 | |a Rosenfeldt, María; Productora delegada. | |
| 700 | 1 | |a Gómez Ortega, Mateo; Dirección general del proyecto. | |
| 700 | 1 | |a Bauer, Tristán; Dirección. | |
| 700 | 1 | |a Santa Ana, Walter; Reparto. | |
| 700 | 1 | |a Scaglione, Carolina; Guionista. | |
| 700 | 1 | |a Pauls, Gastón; Conducción. | |
| 710 | 2 | |a Ministerio de Educación Ciencia y Tecnología. | |
| 710 | 2 | |a Educ.ar. | |
| 653 | |a ARGENTINA | ||
| 653 | |a LITERATURA | ||
| 653 | |a BIOGRAFÍAS | ||
| 653 | |a DOCUMENTAL | ||
| 653 | |a CORTÁZAR | ||
| 653 | |a BORGES | ||
| 653 | |a ENTREVISTAS | ||
| 859 | |a CEMS |b BIB. CEMS - Depto. Recursos Didacticos |h 982 |i ENC-7 |k DRD |p 3363.24 |t Ej.1 | ||
